000 00642nam a2200229Ia 4500
005 20231103144104.0
008 131103s9999 xx 000 0 und d
020 _aSBN 333 90 392 7
040 _aLoreto College
041 _aEnglish
082 _a320.954
_bKUR
245 _aCentre-state relations
_cedited by K. Mathew Kurian and P. N. Varughese
260 _aDelhi
_bMacmillan India Ltd
_c1981
300 _aviii,258 p.
504 _aIncludes index
630 _aIndia - Politics and Government
650 _aPolitics -
651 _aPolitical Science -
700 _aKurian, K. Mathew, ed.
850 _aLCLIB
942 _cBK
999 _c1158
_d51637